000 00544nam a2200205 a 4500
001 BRCA_5731
005 20190320205208.0
008 040311s1890----gw-a######---#000-0#ger-#
041 _ager
044 _agw
050 4 _aML31
_b.T45 1890
100 1 _aTelh, Erster
_914543
245 1 0 _aDie Handelskorrespondenz in englischer und deutscher Sprache
_cErster Telh.
260 _aLeipzig
_bG. A. Gloedner
_c1890
300 _a203 p.
_bil.
_c21 cm.
500 _aH49
650 1 4 _aEpĂ­stolas
_zAlemania
_914544
902 _aGFM
942 _2lcc
_cB
999 _c5421
_d5421